| 000 | 00000nam##2200000za#4500 |
| 001 | 9.684543 |
| 003 | CaOODSP |
| 005 | 20210615134253 |
| 007 | ta |
| 008 | 150407|2009||||xxc||||| f|0| 0 fre|d |
| 020 | |a978-1-100-91057-4 |
| 040 | |aCaOODSP|bfre |
| 043 | |an-cn--- |
| 086 | 1 |aM4-59/8-2009F |
| 110 | 1 |aCanada. |bRessources naturelles Canada. |
| 245 | 13|aLe séisme et le tsunami des Grands Bancs, en 1929 |
| 260 | |aSidney - Colombie Britannique : |bRessources naturelles Canada |cc2009. |
| 300 | |a[2]p. : |bcartes, photographies ; |c28 cm. |
| 563 | |aPolycopié |
| 590 | |a09-40|b2009-10-02 |
| 775 | 08|tThe 1929 "Grand Banks" earthquake and tsunami |w(CaOODSP)9.651519 |
| 776 | 0#|tLe séisme et le tsunami des « Grands Bancs » en 1929 |w(CaOODSP)9.636269 |